000
00262nam a2200109Ia 4500
008
190216s9999||||xx |||||||||||||| ||und||
100
_a
Vijayalakshmi Pandit
245
4
_a
The Scoppe Of Happiness
260
_b
Orient Paper Back
650
_a
English
942
_c
BK
999
_c
13303
_d
13303